| 000 | 01129nam a2200277 a 4500 | ||
|---|---|---|---|
| 001 | 000013941 | ||
| 005 | 20260304092050.0 | ||
| 008 | 091202s2000 dr 000 e spa d | ||
| 020 | _a9993443042 | ||
| 040 |
_aDO-SdBNP _bspa _cBNPHU |
||
| 082 |
_aRD864.44 _bE538e |
||
| 100 | 1 |
_aRondón, Pura Emeterio _930799 |
|
| 245 | 1 | 0 |
_aÉtica y estética en el mito literario (en República Dominicana y Haíti) / _cPura Emeterio Rondón; presentación Milagros Ortiz Bosch; prólogo Tulio Cordero. |
| 260 |
_aSanto Domingo : _bSecretaría de Estado de Educación, _c2000. |
||
| 300 |
_a115 p. ; _c21 cm. |
||
| 500 | _aIncluye datos biográficos de la autora en la solapa de la cubierta | ||
| 500 | _aIncluye notas al pie de las páginas | ||
| 586 | _aPremio Nacional de Ensayo Pedro Henríquez Ureña | ||
| 650 | 4 |
_aLiteratura dominicana _xHistoria y crítica _9159 |
|
| 650 | 4 |
_aMitología _zRepública Dominicana _919659 |
|
| 650 | 4 |
_aLiteratura haitiana _xHistoria y crítica _930800 |
|
| 650 | 4 |
_aMitología _zHaiti _931597 |
|
| 700 | 1 |
_aOrtiz Bosch, Milagros, 1936- _926797 |
|
| 700 | 1 |
_aCordero, Tulio _916039 |
|
| 049 | _aBNPD | ||
| 999 |
_c13546 _d13546 |
||